Statistics for All 32 NHL Hockey Teams - Guess the Division Click Quiz

Click here to take the quiz!

General Stats

  • This quiz has been taken 525 times
  • The average score is 24 of 32

Answer Stats

HintAnswer% Correct
Minnesota WildWestern/Central
82%
Pittsburgh PenguinsEastern/Metropolitan
81%
Colorado AvalancheWestern/Central
80%
Tampa Bay LightningEastern/Atlantic
79%
New York IslandersEastern/Metropolitan
79%
New York RangersEastern/Metropolitan
79%
New Jersey DevilsEastern/Metropolitan
79%
Philadelphia FlyersEastern/Metropolitan
79%
San Jose SharksWestern/Pacific
79%
Florida PanthersEastern/Atlantic
78%
Washington CapitalsEastern/Metropolitan
78%
Dallas StarsWestern/Central
78%
Anaheim DucksWestern/Pacific
78%
St. Louis BluesWestern/Central
77%
Los Angeles KingsWestern/Pacific
77%
Seattle KrakenWestern/Pacific
77%
Chicago BlackhawksWestern/Central
76%
Toronto Maple LeafsEastern/Atlantic
75%
Montreal CanadiensEastern/Atlantic
75%
Boston BruinsEastern/Atlantic
75%
Buffalo SabresEastern/Atlantic
73%
Vancouver CanucksWestern/Pacific
73%
Vegas Golden KnightsWestern/Pacific
73%
Winnipeg JetsWestern/Central
72%
Nashville PredatorsWestern/Central
72%
Ottawa SenatorsEastern/Atlantic
71%
Carolina HurricanesEastern/Metropolitan
71%
Columbus Blue JacketsEastern/Metropolitan
69%
Calgary FlamesWestern/Pacific
67%
Detroit Red WingsEastern/Atlantic
65%
Arizona CoyotesWestern/Central
65%
Edmonton OilersWestern/Pacific
64%

Score Distribution

Percentile by Number Answered

Percent of People with Each Score

Your Score History

You have not taken this quiz